000 00352nam a2200157Ia 4500
003 OSt
005 20240123111651.0
008 170524s9999 xx 000 0 und d
020 _a978-0199467440
040 _cIIMT UNIVERSITY
100 _aBajaj-R
100 _c2007
245 0 _aRetail Management
260 _aOxford University
942 _2ddc
_c01
999 _c2342
_d2342